Practical paediatric respiratory medicine / (Record no. 4868)

MARC details
000 -LEADER
fixed length control field 00634nam a22002057a 4500
003 - CONTROL NUMBER IDENTIFIER
control field OSt
005 - DATE AND TIME OF LATEST TRANSACTION
control field 20160726140621.0
008 - FIXED-LENGTH DATA ELEMENTS--GENERAL INFORMATION
fixed length control field 160726b xxu||||| |||| 00| 0 eng d
020 ## - INTERNATIONAL STANDARD BOOK NUMBER
International Standard Book Number 0340741260
040 ## - CATALOGING SOURCE
Transcribing agency 040a
082 ## - DEWEY DECIMAL CLASSIFICATION NUMBER
Classification number QY 90
Item number P881c 2001
245 ## - TITLE STATEMENT
Title Practical paediatric respiratory medicine /
Statement of responsibility, etc. Micheal Silverman, Christopher L. O'Callaghan
260 ## - PUBLICATION, DISTRIBUTION, ETC. (IMPRINT)
Place of publication, distribution, etc. London
Name of publisher, distributor, etc. Arnold
Date of publication, distribution, etc. 2001
300 ## - PHYSICAL DESCRIPTION
Extent ix, 293p;
Other physical details ill :
Dimensions 14 cm.
504 ## - BIBLIOGRAPHY, ETC. NOTE
Bibliography, etc Includes bibliographical references and index
650 ## - SUBJECT ADDED ENTRY--TOPICAL TERM
Topical term or geographic name as entry element Paediatrics
9 (RLIN) 3350
700 ## - ADDED ENTRY--PERSONAL NAME
Personal name Silverman, Michael
9 (RLIN) 10453
700 ## - ADDED ENTRY--PERSONAL NAME
Personal name O' Callaghan, Christopher L
9 (RLIN) 10454
942 ## - ADDED ENTRY ELEMENTS (KOHA)
Source of classification or shelving scheme Other/Generic Classification Scheme
Koha item type Open Shelf
Holdings
Withdrawn status Lost status Source of classification or shelving scheme Damaged status Not for loan Home library Current library Date acquired Source of acquisition Inventory number Total Checkouts Full call number Barcode Date last seen Price effective from Koha item type
    Other/Generic Classification Scheme     MUST Main Library MUST Main Library 26/07/2016   2006/26151   QY 90 P881c 2001 2016-3442 26/07/2016 26/07/2016 Open Shelf